|
|
|
|
| LEADER |
01000cam a2200265 ca4500 |
| 001 |
138540713 |
| 003 |
DE-627 |
| 005 |
20240710160823.0 |
| 007 |
tu |
| 008 |
940305m18989999xx ||||| 00| ||ger c |
| 035 |
|
|
|a (DE-627)138540713
|
| 035 |
|
|
|a (DE-576)9138540711
|
| 035 |
|
|
|a (DE-599)GBV138540713
|
| 040 |
|
|
|a DE-627
|b ger
|c DE-627
|e rakwb
|
| 041 |
|
|
|a ger
|
| 044 |
|
|
|c XA-AAAT
|
| 084 |
|
|
|a NR 8310
|2 rvk
|0 (DE-625)rvk/129912:
|
| 084 |
|
|
|a NR 8313
|2 rvk
|0 (DE-625)rvk/129915:
|
| 084 |
|
|
|a 15.60
|2 bkl
|
| 245 |
0 |
0 |
|a Salzburger Urkundenbuch
|c ges. und bearb. von Willibald Hauthaler und Franz Martin. Hrsg. von der Ges. für Salzburger Landeskunde
|
| 264 |
|
1 |
|a Salzburg
|b Selbstverl. der Ges. für Salzburger Landeskunde
|c 1898-1933
|
| 336 |
|
|
|a Text
|b txt
|2 rdacontent
|
| 337 |
|
|
|a ohne Hilfsmittel zu benutzen
|b n
|2 rdamedia
|
| 338 |
|
|
|a Band
|b nc
|2 rdacarrier
|
| 500 |
|
|
|a Ab Bd. 2 Mitsammler und Bearb.: Franz Martin
|
| 655 |
|
7 |
|a Quelle
|0 (DE-588)4135952-5
|0 (DE-627)105661236
|0 (DE-576)209665084
|2 gnd-content
|
| 700 |
1 |
|
|a Hauthaler, Willibald
|d 1843-1922
|0 (DE-588)116549793
|0 (DE-627)136167322
|0 (DE-576)164499954
|4 oth
|
| 700 |
1 |
|
|a Martin, Franz
|d 1882-1950
|0 (DE-588)131641956
|0 (DE-627)512037981
|0 (DE-576)29864438X
|4 oth
|
| 710 |
2 |
|
|a Gesellschaft für Salzburger Landeskunde
|0 (DE-588)15283-3
|0 (DE-627)100466109
|0 (DE-576)190244917
|4 oth
|
| 912 |
|
|
|a GBV_ILN_11
|
| 912 |
|
|
|a ISIL_DE-1a
|
| 912 |
|
|
|a SYSFLAG_1
|
| 912 |
|
|
|a GBV_KXP
|
| 912 |
|
|
|a GBV_ILN_21
|
| 912 |
|
|
|a ISIL_DE-46
|
| 912 |
|
|
|a GBV_ILN_22
|
| 912 |
|
|
|a ISIL_DE-18
|
| 912 |
|
|
|a GBV_ILN_22_i30908
|
| 912 |
|
|
|a GBV_ILN_31
|
| 912 |
|
|
|a ISIL_DE-27
|
| 912 |
|
|
|a GBV_ILN_39
|
| 912 |
|
|
|a ISIL_DE-547
|
| 912 |
|
|
|a GBV_ILN_40
|
| 912 |
|
|
|a ISIL_DE-7
|
| 912 |
|
|
|a GBV_ILN_69
|
| 912 |
|
|
|a ISIL_DE-9
|
| 912 |
|
|
|a GBV_ILN_72
|
| 912 |
|
|
|a ISIL_DE-35
|
| 912 |
|
|
|a GBV_ILN_92
|
| 912 |
|
|
|a ISIL_DE-33
|
| 912 |
|
|
|a GBV_ILN_350
|
| 912 |
|
|
|a ISIL_DE-2795
|
| 912 |
|
|
|a GBV_ILN_350_
|
| 936 |
r |
v |
|a NR 8310
|b Quellen
|k Geschichte
|k Landes- und Stadtgeschichte (Allgemeine, Deutsche und Österreichische Landes- und Stadtgeschichte, Ausländische Stadtgeschichte, Geschichte der Auslanddeutschen)
|k Österreichische Landesgeschichte
|k Salzburg
|k Quellen
|0 (DE-627)1271474859
|0 (DE-625)rvk/129912:
|0 (DE-576)201474859
|
| 936 |
r |
v |
|a NR 8313
|b Kirchengeschichte (allgemein)
|k Geschichte
|k Landes- und Stadtgeschichte (Allgemeine, Deutsche und Österreichische Landes- und Stadtgeschichte, Ausländische Stadtgeschichte, Geschichte der Auslanddeutschen)
|k Österreichische Landesgeschichte
|k Salzburg
|k Kirchengeschichte (allgemein)
|0 (DE-627)1271474883
|0 (DE-625)rvk/129915:
|0 (DE-576)201474883
|
| 936 |
b |
k |
|a 15.60
|j Schweiz
|j Österreich-Ungarn
|j Österreich
|x Geschichte
|0 (DE-627)181571633
|
| 951 |
|
|
|a MC
|
| 980 |
|
|
|2 11
|1 01
|x 0001
|b 44408648x
|y x
|z 08-09-97
|
| 980 |
|
|
|2 21
|1 01
|x 0046
|b 502490209
|y rza
|z 20-05-80
|
| 980 |
|
|
|2 22
|1 01
|x 0018
|b 834124084
|y xi30908
|z 12-09-07
|
| 980 |
|
|
|2 31
|1 01
|x 0027
|b 218408099
|y x
|z 08-11-96
|
| 980 |
|
|
|2 39
|1 01
|x 0547
|b 532987500
|y xe
|z 17-06-02
|
| 980 |
|
|
|2 40
|1 01
|x 0007
|b 114409137
|y xsn
|z 03-02-95
|
| 980 |
|
|
|2 69
|1 01
|x 0009
|b 657247650
|y x
|z 10-07-13
|
| 980 |
|
|
|2 72
|1 01
|x 0035
|b 1290072795
|y xz
|z 26-01-12
|
| 980 |
|
|
|2 92
|1 01
|x 0033
|b 621810304
|y x
|z 11-11-03
|
| 980 |
|
|
|2 350
|1 01
|x 8293
|b 097074330
|c 00
|f MAG2
|d Hp 7051
|e i
|j --%%--
|y n
|z 24-10-00
|
| 982 |
|
|
|2 350
|1 01
|x 8293
|8 00
|a Urkunde
|
| 982 |
|
|
|2 350
|1 01
|x 8293
|8 00
|a Salzburg
|
| 983 |
|
|
|2 21
|1 00
|x DE-46
|8 30
|a hil 567 sal
|
| 983 |
|
|
|2 21
|1 00
|x DE-46
|8 31
|a hil 750 sal
|
| 983 |
|
|
|2 21
|1 00
|x DE-46
|8 99
|a 23
|
| 983 |
|
|
|2 39
|1 00
|x DE-547
|8 00
|a NR 8310
|
| 983 |
|
|
|2 39
|1 00
|x DE-547
|8 01
|a ND 4570
|
| 985 |
|
|
|2 350
|1 01
|x 8293
|a 58/1686
|